Coventry and Solihul Waste Disposal Company Limited v Russell (VO) (Record no. 62598)
[ view plain ]
| 000 -LEADER | |
|---|---|
| fixed length control field | 01628cam a2200241 4500 |
| 001 - CONTROL NUMBER | |
| control field | ABS62000 |
| 008 - FIXED-LENGTH DATA ELEMENTS--GENERAL INFORMATION | |
| fixed length control field | 000000n2000 000 0 eng u |
| 035 ## - SYSTEM CONTROL NUMBER | |
| System control number | (Sirsi) u104344 |
| 245 ## - TITLE STATEMENT | |
| Title | Coventry and Solihul Waste Disposal Company Limited v Russell (VO) |
| 260 ## - PUBLICATION, DISTRIBUTION, ETC. | |
| -- | 2000 |
| 490 ## - SERIES STATEMENT | |
| Series statement | Rating Appeals |
| Volume/sequential designation | 1 1 RA 1-20(11) |
| 520 ## - SUMMARY, ETC. | |
| Summary, etc. | HL 25 November 1999. The incinerator plant, generator plant and pipeline were assessed as a single hereditament at a rateable value of £928,500 determined in accordance with the Local Government Finance Act 1988 sch 6 para 2. The ratepayer (C) appealed to the House of Lords that the plant should be valued in accordance with the formula for the determination of rateable value in the Electricity Generators (Rateable Values) Order 1989 which gave a rateable value of £143,034. C argued that its premises fell within the description of local non domestic hereditaments as set out in article 3 para 2 of the 1989 Order. It was held that this hereditament was not to be valued by the formula of the 1989 Order because the generation of electricity and heat was not its primary function and its declared net capacity was less than 25 megawatts. Appeal dismissed. |
| 590 ## - LOCAL NOTE (RLIN) | |
| Local note | ABS |
| 650 ## - SUBJECT ADDED ENTRY--TOPICAL TERM | |
| Topical term or geographic name entry element | COVENTRY AND SOLIHULL WASTE DISPOSAL COMPANY LIMITED V RUSSELL (VO) |
| 650 ## - SUBJECT ADDED ENTRY--TOPICAL TERM | |
| Topical term or geographic name entry element | WASTE INCINERATOR |
| 650 ## - SUBJECT ADDED ENTRY--TOPICAL TERM | |
| Topical term or geographic name entry element | INCINERATION PLANT |
| 650 ## - SUBJECT ADDED ENTRY--TOPICAL TERM | |
| Topical term or geographic name entry element | RATEABLE VALUE |
| 650 ## - SUBJECT ADDED ENTRY--TOPICAL TERM | |
| Topical term or geographic name entry element | ELECTRICITY GENERATORS (RATEABLE VALUES) ORDER 1989 |
| 650 ## - SUBJECT ADDED ENTRY--TOPICAL TERM | |
| Topical term or geographic name entry element | LOCAL GOVERNMENT FINANCE ACT SCH 6 PARA 2 |
| 650 ## - SUBJECT ADDED ENTRY--TOPICAL TERM | |
| Topical term or geographic name entry element | GENERATOR PLANT |
| 690 ## - LOCAL SUBJECT ADDED ENTRY--TOPICAL TERM (OCLC, RLIN) | |
| Topical term or geographic name as entry element | RATING AND LOCAL TAXATION-CASE LAW |
| 942 ## - ADDED ENTRY ELEMENTS (KOHA) | |
| Suppress in OPAC | 0 |
| Withdrawn status | Lost status | Source of classification or shelving scheme | Damaged status | Not for loan | Home library | Current library | Shelving location | Date acquired | Total Checkouts | Full call number | Barcode | Date last seen | Copy number | Price effective from | Koha item type |
|---|---|---|---|---|---|---|---|---|---|---|---|---|---|---|---|
| Dewey Decimal Classification | London | London | Journal article | 23/02/2000 | ABS62000 | 104344-1001 | 06/08/2019 | 1 | 06/08/2019 | Law report |